000
00311nam a2200121Ia 4500
008
241015s9999 xx 000 0 und d
041
_a
eng
082
_a
651.7 JON
100
_a
Lindsy
245
_a
Running Great Meetings and Workshop For Dummies
260
_b
Wiley
_a
New Dehli
_c
2014
300
_a
334;. P. 22 cm
999
_c
41622
_d
41622